Removal of arsenic using synthetic magnetite: desorption study

Podrobná bibliografia
Hlavní autori: Štefušová, Katarína (Author), Václavíková, Miroslava (Author), Hredzák, Slavomír (Author)
Médium: Článok
Jazyk:English
Témy:
Zdroj: 1. Mineralia slovaca 1. Roč. 42, č. 3 (2010), s. 355-359 1. 0369-2086
LEADER 01126nab#a2200373#ar4500
001 000103462
003 SVKKK
005 20101227111543.0
008 080509c2010 xo |||||||||||||||b|eng
FMT
015 |a SNBRB2010/12 
038 |a SVKKK 
040 |a SVKKK  |b slo  |e AACR2 
041 0 |a eng  |b eng 
044 |a xo  |c SK 
080 |a 543.272.43  |2 1997 
080 |a 628.316.12  |2 1997 
100 1 |a Štefušová, Katarína  |4 aut 
242 1 0 |a Odstraňovanie arzénu s využitím syntetického magnetitu: štúdium desorpcie 
245 1 0 |a Removal of arsenic using synthetic magnetite: desorption study  |c Katarína Štefušová, Miroslava Václavíková, Slavomír Hredzák 
300 |b Obr., tab. 
504 |a Bibliogr. odkazy 
546 |a Res. angl. 
650 0 4 |a odstraňovanie arzénu  |x sorbenty  |x syntetický magnetit  |x desorpcia 
700 1 |a Václavíková, Miroslava  |4 aut 
700 1 |a Hredzák, Slavomír  |4 aut 
773 0 |t Mineralia slovaca  |g Roč. 42, č. 3 (2010), s. 355-359  |x 0369-2086 
958 |a NB 
974 |a Ni 
992 |a RBX 
BAS
852 |a SVKKK  |b BIB 
EXP
998 |a GEO